MARC

LEADER 00000nam0a2200000 4500
001 298335
005 20231102001108.0
035 |a (RuTPU)RU\TPU\book\323478 
090 |a 298335 
100 |a 20150617d1984 m y0rusy50 ca 
101 0 |a rus 
102 |a RU 
105 |a a j 001zy 
200 1 |a Изучение тектонической трещиноватости платформенных структур для карстологических целей  |e учебное пособие по спецкурсу  |f А. И. Печеркин, Г. Б. Болотов, В. Н. Катаев  |g Пермский государственный университет (ПГУ) ; Всесоюзный институт карстоведения и спелеологии 
210 |a Пермь  |c Изд-во Пермского ун-та  |d 1984 
215 |a 84 с.  |c ил. 
320 |a Библиогр.: с. 82-84 
606 1 |a Трещины  |2 stltpush  |3 (RuTPU)RU\TPU\subj\61579  |9 78767 
610 1 |a тектоническая трещиноватость 
610 1 |a карстоведение 
610 1 |a карстовые формы 
610 1 |a платформенные структуры 
610 1 |a изучение 
610 1 |a математическое моделирование 
610 1 |a рентгеноструктурный анализ 
610 1 |a учебные пособия 
675 |a 551.442(075.8)  |v 4 
700 1 |a Печеркин  |b А. И. 
701 1 |a Болотов  |b Г. Б. 
701 1 |a Катаев  |b В. Н. 
712 0 2 |a Пермский государственный университет (ПГУ)  |2 stltpush  |3 (RuTPU)RU\TPU\col\189 
712 0 2 |a Всесоюзный институт карстоведения и спелеологии  |2 stltpush  |3 (RuTPU)RU\TPU\col\10064  |9 24787 
801 1 |a RU  |b 63413507  |c 20150617 
801 2 |a RU  |b 63413507  |c 20180604  |g RCR 
942 |c BK